=LDR 00000nam 2200000 4500 =001 INLIS000000000041234 =005 20130612150759 =008 ***********************************Ind** =035 ##$$0010-061300000041234 =041 ##$$a Ind =082 ##$$a 155.5 =090 ##$$a 155.5, Mar s =100 ##$$a Martin, Anthony Dio =245 ##$$a 101,5 insprasi kecerdasan emosional anak muda, Anthony Dio Martin =260 ##$$a 2011 $b Jakarta =300 ##$$a 227 hlm, ilus, 18 cm =650 ##$$a Psikologi Remaja =850 ##$$a NBPNMAT